000
00295nam a22001217a 4500
020
_a
07-057142-2
082
_a
621.381 SHR'E
100
_a
SHRADER, ROBERT L
_9
64825
245
_a
ELECTRONIC FUNDAMENTALS FOR TECHNICIANS
260
_a
NEWYORK
_b
MCGRAW HILL
_c
1972
300
_a
404P
942
_c
BK
999
_c
580964
_d
580964